[Event "59th DEN-ch"]
[Site "Odense DEN"]
[Date "1980.??.??"]
[Round "1"]
[White "Fedder, Steen"]
[Black "Roedgaard, John"]
[WhiteElo "2410"]
[BlackElo "2335"]
[Result "1/2-1/2"]
[EventDate "1980.01.01"]
[PlyCount "25"]
[EventCategory "5"]
[Source "ChessBase"]
[SourceDate "1999.07.01"]

1. d4 e6 2. c4 b6 3. Nc3 Bb7 4. Qc2 Bb4 5. Nf3 c5 6. a3 Ba5 7. Be3 Qe7 8. Rd1
Nf6 9. Bd2 O-O 10. dxc5 bxc5 11. e3 Nc6 12. Bd3 d6 13. O-O 1/2-1/2

[Event "59th DEN-ch"]
[Site "Odense DEN"]
[Date "1980.??.??"]
[Round "1"]
[White "Oest-Hansen, Jacob"]
[Black "Kristiansen, Jens"]
[WhiteElo "2395"]
[BlackElo "2430"]
[Result "1/2-1/2"]
[EventDate "1980.01.01"]
[PlyCount "24"]
[EventCategory "5"]
[Source "ChessBase"]
[SourceDate "1999.07.01"]

1. g3 c5 2. Bg2 Nc6 3. e4 g6 4. d3 Bg7 5. f4 d6 6. Nf3 f5 7. O-O Nf6 8. Nc3 O-O
9. Kh1 Kh8 10. Be3 Be6 11. Bg1 Qd7 12. Re1 Rae8 1/2-1/2

[Event "59th DEN-ch"]
[Site "Odense DEN"]
[Date "1980.??.??"]
[Round "1"]
[White "Jakobsen, Ole"]
[Black "Brinck-Claussen, Bjoern"]
[WhiteElo "2410"]
[BlackElo "2370"]
[Result "1/2-1/2"]
[EventDate "1980.01.01"]
[PlyCount "61"]
[EventCategory "5"]
[Source "ChessBase"]
[SourceDate "1999.07.01"]

1. d4 e6 2. c4 f5 3. g3 Nf6 4. Bg2 Be7 5. Nc3 O-O 6. Nh3 d6 7. O-O c6 8. b3 e5
9. Bb2 Qe8 10. e3 Ng4 11. Re1 Na6 12. f3 Nh6 13. Nf2 Qg6 14. Ne2 Bf6 15. Nd3
Nf7 16. c5 e4 17. Nef4 Qh6 18. fxe4 fxe4 19. Bxe4 dxc5 20. Bg2 Re8 21. Rc1 cxd4
22. exd4 Bf5 23. Ne5 Nxe5 24. dxe5 Bg5 25. Rc4 Rad8 26. Qe2 Nc7 27. h4 Bxf4 28.
Rxf4 Bd3 29. Qe3 Ne6 30. Rf2 Qxe3 31. Rxe3 1/2-1/2

[Event "59th DEN-ch"]
[Site "Odense DEN"]
[Date "1980.??.??"]
[Round "1"]
[White "Mortensen, Erling"]
[Black "Pedersen, Erik"]
[WhiteElo "2400"]
[BlackElo "2315"]
[Result "1/2-1/2"]
[EventDate "1980.01.01"]
[PlyCount "47"]
[EventCategory "5"]
[Source "ChessBase"]
[SourceDate "1999.07.01"]

1. c4 c5 2. Nf3 Nc6 3. Nc3 Nf6 4. d4 cxd4 5. Nxd4 e6 6. g3 Bc5 7. Nb3 Bb4 8.
Bg2 d5 9. O-O dxc4 10. Nd2 O-O 11. Nxc4 Qe7 12. Be3 Rd8 13. Qc2 Bd7 14. Rad1
Be8 15. Ne4 Nxe4 16. Bxe4 h6 17. a3 Bc5 18. Bxc5 Qxc5 19. b4 Qe7 20. e3 Rac8
21. Qb3 b5 22. Nb2 Ne5 23. Rxd8 Qxd8 24. Rd1 1/2-1/2

[Event "59th DEN-ch"]
[Site "Odense DEN"]
[Date "1980.??.??"]
[Round "2"]
[White "Hoei, Carsten"]
[Black "Fedder, Steen"]
[WhiteElo "2410"]
[BlackElo "2410"]
[Result "1/2-1/2"]
[EventDate "1980.01.01"]
[PlyCount "138"]
[EventCategory "5"]
[Source "ChessBase"]
[SourceDate "1999.07.01"]

1. Nf3 Nf6 2. d4 g6 3. c4 Bg7 4. Nc3 d5 5. cxd5 Nxd5 6. e4 Nxc3 7. bxc3 c5 8.
Be3 Nc6 9. Rc1 cxd4 10. cxd4 Bg4 11. d5 Ne5 12. Be2 Nxf3+ 13. gxf3 Bd7 14. Qb3
b5 15. O-O O-O 16. f4 Qa5 17. e5 Rac8 18. a3 a6 19. Qb4 Qxb4 20. axb4 g5 21.
Kg2 gxf4 22. Bxf4 Bf5 23. Rxc8 Rxc8 24. Ra1 Be4+ 25. Bf3 Rc4 26. Bxe4 Rxe4 27.
Kf3 Rd4 28. Rxa6 h5 29. Ra8+ Kh7 30. d6 exd6 31. exd6 Bf6 32. h3 Kg6 33. Rb8
Rxb4 34. d7 Rd4 35. Be5 Bxe5 36. d8=Q Rxd8 37. Rxd8 b4 38. Ke4 Bc3 39. Rg8+ Kh7
40. Rg5 Kh6 41. Rb5 Be1 42. f4 Kg6 43. Rb6+ f6 44. Rb8 Bc3 45. Rg8+ Kf7 46. Rg3
Ke6 47. Re3 f5+ 48. Kd3+ Kf6 49. Re2 h4 50. Kc4 Kf7 51. Ra2 Kf6 52. Ra6+ Kf7
53. Kd3 Be1 54. Rb6 Bc3 55. Kc2 Ke7 56. Kd3 Kf7 57. Ke2 Ke7 58. Kd1 Kf7 59. Kc2
Ke7 60. Rh6 Be1 61. Kb3 Bg3 62. Kxb4 Kf7 63. Kc4 Kg7 64. Rh5 Kg6 65. Rg5+ Kf6
66. Rg8 Bxf4 67. Kd5 Kf7 68. Ra8 Bg3 69. Ra6 f4 1/2-1/2

[Event "59th DEN-ch"]
[Site "Odense DEN"]
[Date "1980.??.??"]
[Round "2"]
[White "Kristiansen, Jens"]
[Black "Broendum, Eric"]
[WhiteElo "2430"]
[BlackElo "2315"]
[Result "1/2-1/2"]
[EventDate "1980.01.01"]
[PlyCount "48"]
[EventCategory "5"]
[Source "ChessBase"]
[SourceDate "1999.07.01"]

1. b3 b6 2. Bb2 Bb7 3. e3 e6 4. f4 Qh4+ 5. g3 Qd8 6. Nf3 Nf6 7. Bg2 Be7 8. O-O
O-O 9. Qe2 a5 10. a4 Na6 11. Na3 Nb4 12. d3 Rb8 13. e4 d6 14. Nb5 Nd7 15. c3
Na6 16. d4 c6 17. Na3 Nc7 18. Rfe1 Ba6 19. Qd2 d5 20. Nc2 dxe4 21. Rxe4 b5 22.
Ba3 Bxa3 23. Rxa3 bxa4 24. Rxa4 Rxb3 1/2-1/2

[Event "59th DEN-ch"]
[Site "Odense DEN"]
[Date "1980.??.??"]
[Round "2"]
[White "Pedersen, Erik"]
[Black "Brinck-Claussen, Bjoern"]
[WhiteElo "2315"]
[BlackElo "2370"]
[Result "1/2-1/2"]
[EventDate "1980.01.01"]
[PlyCount "31"]
[EventCategory "5"]
[Source "ChessBase"]
[SourceDate "1999.07.01"]

1. c4 Nf6 2. Nf3 g6 3. g3 Bg7 4. Bg2 O-O 5. O-O d6 6. Nc3 Nc6 7. d3 e5 8. Bg5
h6 9. Bxf6 Bxf6 10. Rb1 Be6 11. b4 a6 12. Nd5 Bg7 13. Qd2 Ne7 14. Nxe7+ Qxe7
15. Qc2 c6 16. Rfc1 1/2-1/2

[Event "59th DEN-ch"]
[Site "Odense DEN"]
[Date "1980.??.??"]
[Round "2"]
[White "Roedgaard, John"]
[Black "Oest-Hansen, Jacob"]
[WhiteElo "2335"]
[BlackElo "2395"]
[Result "1/2-1/2"]
[EventDate "1980.01.01"]
[PlyCount "70"]
[EventCategory "5"]
[Source "ChessBase"]
[SourceDate "1999.07.01"]

1. d4 Nf6 2. Nf3 d5 3. c4 e6 4. Nc3 c6 5. e3 Nbd7 6. Bd3 Bd6 7. e4 dxe4 8. Nxe4
Nxe4 9. Bxe4 Bb4+ 10. Bd2 Bxd2+ 11. Qxd2 c5 12. Rd1 cxd4 13. Nxd4 O-O 14. O-O
Nf6 15. Bf3 Qc7 16. Qb4 Bd7 17. Nb3 Rac8 18. Qxb7 Qxb7 19. Bxb7 Rxc4 20. Rc1
Bb5 21. Rfd1 Rb8 22. Nc5 g6 23. Rxc4 Bxc4 24. b3 Bd5 25. Ba6 Rb6 26. Rc1 Kf8
27. Bd3 Ke7 28. f3 Rc6 29. Bb5 Rc7 30. Nd3 Rxc1+ 31. Nxc1 Kd6 32. Nd3 e5 33.
Kf2 e4 34. Nf4 Bb7 35. Bc4 Ke5 1/2-1/2

[Event "59th DEN-ch"]
[Site "Odense DEN"]
[Date "1980.??.??"]
[Round "3"]
[White "Broendum, Eric"]
[Black "Roedgaard, John"]
[WhiteElo "2315"]
[BlackElo "2335"]
[Result "1/2-1/2"]
[EventDate "1980.01.01"]
[PlyCount "129"]
[EventCategory "5"]
[Source "ChessBase"]
[SourceDate "1999.07.01"]

1. d4 e6 2. c4 Nf6 3. Nf3 b6 4. Nc3 Bb7 5. Bg5 h6 6. Bh4 Be7 7. Qc2 d5 8. Bxf6
Bxf6 9. cxd5 Bxd5 10. Nxd5 Qxd5 11. e3 O-O 12. Bd3 Qa5+ 13. Ke2 c6 14. a3 a6
15. g4 g6 16. h4 Bg7 17. h5 g5 18. Bc4 c5 19. Rad1 cxd4 20. Nxd4 Bxd4 21. exd4
b5 22. Bxe6 Kg7 23. Bxf7 Rxf7 24. Qg6+ Kf8 25. Qxh6+ Ke8 26. Rh3 Raa7 27. Re3+
Rae7 28. Qh8+ Rf8 29. Rxe7+ Kxe7 30. Qg7+ Rf7 31. Qe5+ Kd7 32. Qxb8 Qa4 33. Rc1
Rxf2+ 34. Ke1 Rc2 35. Qb7+ Kd6 36. Qb6+ Kd7 37. Qa7+ Kd8 38. Qa8+ Kc7 39. Qa7+
Kd8 40. Qb8+ Kd7 41. Rxc2 Qxc2 42. Qb7+ Ke8 43. Qf3 Qc1+ 44. Kf2 Kd7 45. Qf7+
Kd6 46. Qf6+ Kd7 47. Qg7+ Kd8 48. Qf8+ Kd7 49. Qf5+ Kd8 50. Qd5+ Ke8 51. Qf3
Kd7 52. h6 Qxb2+ 53. Kg3 Qxd4 54. h7 Qe5+ 55. Kg2 Qb2+ 56. Kg3 Qe5+ 57. Kh3 Qh8
58. Qb7+ Ke6 59. Qxa6+ Kf7 60. Qb7+ Kg6 61. Qe4+ Kh6 62. Qc6+ Kxh7 63. Qxb5
Qc3+ 64. Kg2 Qd2+ 65. Kf1 1/2-1/2

[Event "59th DEN-ch"]
[Site "Odense DEN"]
[Date "1980.??.??"]
[Round "3"]
[White "Fedder, Steen"]
[Black "Mortensen, Erling"]
[WhiteElo "2410"]
[BlackElo "2400"]
[Result "1-0"]
[EventDate "1980.01.01"]
[PlyCount "78"]
[EventCategory "5"]
[Source "ChessBase"]
[SourceDate "1999.07.01"]

1. c4 c5 2. Nf3 Nf6 3. Nc3 e6 4. g3 b6 5. Bg2 Bb7 6. O-O Be7 7. a3 O-O 8. d4
cxd4 9. Qxd4 Nc6 10. Qd3 d6 11. Rd1 Qb8 12. b3 Ne5 13. Nxe5 dxe5 14. Bb2 Bxg2
15. Kxg2 Qb7+ 16. Qf3 e4 17. Qf4 a6 18. a4 Rfd8 19. Rxd8+ Rxd8 20. Rd1 Re8 21.
Nb1 h6 22. Qe5 Bc5 23. e3 Bf8 24. Nc3 Rc8 25. Kg1 Be7 26. h3 Kh7 27. Qd4 Rc7
28. Qe5 Qc6 29. Nxe4 b5 30. axb5 axb5 31. cxb5 Qb7 32. Nc3 Rc5 33. Qd4 Rh5 34.
Qd3+ g6 35. Qf1 Bb4 36. Qg2 Qb8 37. Ne4 Nxe4 38. Qxe4 Rxb5 39. Rd7 Rb7 1-0

[Event "59th DEN-ch"]
[Site "Odense DEN"]
[Date "1980.??.??"]
[Round "3"]
[White "Oest-Hansen, Jacob"]
[Black "Hoei, Carsten"]
[WhiteElo "2395"]
[BlackElo "2410"]
[Result "1/2-1/2"]
[EventDate "1980.01.01"]
[PlyCount "87"]
[EventCategory "5"]
[Source "ChessBase"]
[SourceDate "1999.07.01"]

1. g3 g6 2. Bg2 Bg7 3. c4 Nf6 4. Nc3 O-O 5. e4 d6 6. Nge2 Nc6 7. O-O e5 8. d3
Bd7 9. h3 a6 10. Bg5 h6 11. Be3 Rb8 12. a3 Kh7 13. b4 Qc8 14. Kh2 Nd4 15. Rc1
Ng8 16. Nd5 Qd8 17. c5 dxc5 18. bxc5 Nxe2 19. Qxe2 Bc6 20. f4 Ne7 21. Qa2 Qd7
22. fxe5 Bxd5 23. exd5 Bxe5 24. Bf4 Bxf4 25. Rxf4 Nf5 26. Qf2 Rbe8 27. Rf1 h5
28. Be4 Nh6 29. Rf6 Rg8 30. Qf4 Rg7 31. Qg5 Qd8 32. Kg2 Qd7 33. Rb1 Qa4 34.
Rxb7 Qc2+ 35. Rf2 Qxc5 36. Qf6 a5 37. a4 Ng8 38. Qc6 Qxc6 39. dxc6 f5 40. Bd5
Nf6 41. Bc4 Re5 42. Rb5 Rge7 43. Rfb2 Re3 44. Rxa5 1/2-1/2

[Event "59th DEN-ch"]
[Site "Odense DEN"]
[Date "1980.??.??"]
[Round "3"]
[White "Jakobsen, Ole"]
[Black "Kristiansen, Jens"]
[WhiteElo "2410"]
[BlackElo "2430"]
[Result "1/2-1/2"]
[EventDate "1980.01.01"]
[PlyCount "83"]
[EventCategory "5"]
[Source "ChessBase"]
[SourceDate "1999.07.01"]

1. d4 Nf6 2. c4 e6 3. Nc3 Bb4 4. e3 b6 5. Nge2 Ne4 6. Qc2 f5 7. a3 Bxc3+ 8.
Nxc3 Nxc3 9. Qxc3 Bb7 10. b4 d6 11. d5 e5 12. Bd3 O-O 13. O-O Nd7 14. f4 Qe7
15. Bb2 e4 16. Be2 Nf6 17. h3 Bc8 18. Rfd1 Bd7 19. Rac1 Rab8 20. Rd2 Qf7 21.
Kf2 h5 22. g3 Kh7 23. Rg1 Rg8 24. Ke1 Rb7 25. Qd4 Qg6 26. Bd1 Rbb8 27. Rdg2
Rge8 28. Be2 Qf7 29. b5 Re7 30. Qd2 a5 31. Qd1 Rh8 32. Qa1 Kg8 33. Kd2 Rh6 34.
Kc2 Kf8 35. Qd1 Rh7 36. Qa1 Rh6 37. Bxf6 Qxf6 38. Qxf6+ gxf6 39. g4 hxg4 40.
hxg4 Rg7 41. g5 fxg5 42. Rxg5 1/2-1/2

[Event "59th DEN-ch"]
[Site "Odense DEN"]
[Date "1980.??.??"]
[Round "4"]
[White "Hoei, Carsten"]
[Black "Broendum, Eric"]
[WhiteElo "2410"]
[BlackElo "2315"]
[Result "1/2-1/2"]
[EventDate "1980.01.01"]
[PlyCount "78"]
[EventCategory "5"]
[Source "ChessBase"]
[SourceDate "1999.07.01"]

1. d4 Nf6 2. c4 g6 3. Nc3 Bg7 4. e4 d6 5. Nf3 O-O 6. h3 c5 7. d5 a6 8. a4 e6 9.
Be2 exd5 10. exd5 b6 11. O-O Re8 12. Bd3 Ra7 13. Bf4 h6 14. Qd2 Kh7 15. Rfe1
Rae7 16. Rxe7 Rxe7 17. Re1 Bf8 18. Rxe7 Qxe7 19. Qe3 Qxe3 20. fxe3 Ne8 21. g4
Kg7 22. Kf2 Be7 23. b3 Bf6 24. Ne4 Be7 25. a5 Nd7 26. axb6 Nxb6 27. Ke2 f5 28.
gxf5 Bxf5 29. Nf2 Bc8 30. e4 g5 31. Bg3 Nd7 32. e5 dxe5 33. Bf5 Nd6 34. Bxd7
Bxd7 35. Nxe5 Bc8 36. Ned3 Bf5 37. Nxc5 Nxc4 38. Nxa6 Nd6 39. Nb8 Nb5 1/2-1/2

[Event "59th DEN-ch"]
[Site "Odense DEN"]
[Date "1980.??.??"]
[Round "4"]
[White "Kristiansen, Jens"]
[Black "Brinck-Claussen, Bjoern"]
[WhiteElo "2430"]
[BlackElo "2370"]
[Result "1/2-1/2"]
[EventDate "1980.01.01"]
[PlyCount "31"]
[EventCategory "5"]
[Source "ChessBase"]
[SourceDate "1999.07.01"]

1. e4 e5 2. Nf3 Nc6 3. Bb5 a6 4. Ba4 Nf6 5. d4 exd4 6. O-O Be7 7. Re1 b5 8. e5
Nxe5 9. Rxe5 d6 10. Re1 bxa4 11. Nxd4 Bd7 12. Qf3 O-O 13. Nc6 Bxc6 14. Qxc6 Re8
15. Nc3 Qd7 16. Qxd7 1/2-1/2

[Event "59th DEN-ch"]
[Site "Odense DEN"]
[Date "1980.??.??"]
[Round "4"]
[White "Mortensen, Erling"]
[Black "Oest-Hansen, Jacob"]
[WhiteElo "2400"]
[BlackElo "2395"]
[Result "0-1"]
[EventDate "1980.01.01"]
[PlyCount "112"]
[EventCategory "5"]
[Source "ChessBase"]
[SourceDate "1999.07.01"]

1. c4 g6 2. d4 Bg7 3. Nf3 d6 4. g3 Nf6 5. Bg2 O-O 6. Nc3 Nbd7 7. O-O e5 8. e4
c6 9. h3 Qb6 10. Re1 Re8 11. Re2 Qb4 12. Rc2 exd4 13. Nxd4 Nc5 14. Bd2 Qb6 15.
Be3 Qc7 16. f3 a5 17. Bf2 a4 18. Rb1 Nh5 19. b4 axb3 20. axb3 f5 21. b4 Ne6 22.
Nde2 Ng5 23. g4 fxe4 24. Nxe4 Nxe4 25. fxe4 Nf6 26. Nc3 Nd7 27. Kh1 Ra3 28. Qc1
Ra8 29. Qf1 Ne5 30. c5 Be6 31. Nd1 Ra3 32. cxd6 Qxd6 33. b5 Rd3 34. bxc6 bxc6
35. Bc5 Qd8 36. Ne3 Qh4 37. Qe1 Qg5 38. Qe2 Red8 39. Rf1 R3d7 40. Bb6 Rb8 41.
Ba5 Rb3 42. Nd5 Bxg4 43. hxg4 Qh4+ 44. Kg1 Nxg4 45. Rf2 Rb1+ 46. Bf1 Bd4 47.
Nf6+ Nxf6 48. Be1 Qxe4 49. Qc4+ Kg7 50. Bc3 Qxc2 51. Qxd4 Rxd4 52. Bxd4 Qxf2+
53. Kxf2 Rb4 54. Bc3 Rb3 55. Bd4 Rb4 56. Bc3 Ra4 0-1

[Event "59th DEN-ch"]
[Site "Odense DEN"]
[Date "1980.??.??"]
[Round "4"]
[White "Roedgaard, John"]
[Black "Jakobsen, Ole"]
[WhiteElo "2335"]
[BlackElo "2410"]
[Result "1/2-1/2"]
[EventDate "1980.01.01"]
[PlyCount "51"]
[EventCategory "5"]
[Source "ChessBase"]
[SourceDate "1999.07.01"]

1. d4 Nf6 2. Nf3 b6 3. c4 Bb7 4. Nc3 Ne4 5. Nxe4 Bxe4 6. e3 e6 7. Be2 Bb4+ 8.
Bd2 Bxd2+ 9. Qxd2 O-O 10. O-O d6 11. Qc3 Nd7 12. Nd2 Bb7 13. Bf3 Bxf3 14. Nxf3
f5 15. b4 Qe7 16. Rfd1 Nf6 17. Qc2 g6 18. a3 a5 19. Rac1 axb4 20. axb4 Ra7 21.
Ra1 Rfa8 22. Qb2 Nd7 23. Rxa7 Rxa7 24. Ra1 Rxa1+ 25. Qxa1 e5 26. h3 1/2-1/2

[Event "59th DEN-ch"]
[Site "Odense DEN"]
[Date "1980.??.??"]
[Round "5"]
[White "Brinck-Claussen, Bjoern"]
[Black "Roedgaard, John"]
[WhiteElo "2370"]
[BlackElo "2335"]
[Result "1-0"]
[EventDate "1980.01.01"]
[PlyCount "89"]
[EventCategory "5"]
[Source "ChessBase"]
[SourceDate "1999.07.01"]

1. d4 e6 2. c4 Nf6 3. Nf3 d5 4. Bg5 Be7 5. e3 O-O 6. Nbd2 Nbd7 7. Qc2 b6 8.
cxd5 Nxd5 9. Bxe7 Nxe7 10. Bd3 h6 11. Bh7+ Kh8 12. Be4 Rb8 13. O-O c5 14. Rfd1
Bb7 15. Bxb7 Rxb7 16. dxc5 Qc7 17. Rac1 Qxc5 18. Ne4 Qxc2 19. Rxc2 Nd5 20. Nd6
Rc7 21. Rxc7 Nxc7 22. Rc1 Nc5 23. b4 N5a6 24. Ne5 Kg8 25. Nc6 Ra8 26. a3 g5 27.
h4 Kg7 28. hxg5 hxg5 29. e4 Kf6 30. Rc3 Kg7 31. Rg3 Ne8 32. Rxg5+ Kf8 33. Nxe8
Rxe8 34. Nxa7 Rd8 35. Rb5 Rd3 36. a4 Ra3 37. Rxb6 Rxa4 38. Nc6 Kg7 39. Rb7 Kg6
40. Ne5+ Kg5 41. Rxf7 Rxb4 42. f4+ Kh6 43. g4 Rxe4 44. g5+ Kh5 45. Rh7# 1-0

[Event "59th DEN-ch"]
[Site "Odense DEN"]
[Date "1980.??.??"]
[Round "5"]
[White "Broendum, Eric"]
[Black "Mortensen, Erling"]
[WhiteElo "2315"]
[BlackElo "2400"]
[Result "0-1"]
[EventDate "1980.01.01"]
[PlyCount "54"]
[EventCategory "5"]
[Source "ChessBase"]
[SourceDate "1999.07.01"]

1. d4 Nf6 2. Nf3 c5 3. d5 b5 4. Bg5 Qb6 5. Bxf6 Qxf6 6. Nbd2 Qxb2 7. e4 Ba6 8.
a4 bxa4 9. Rb1 Qc3 10. Rxb8+ Rxb8 11. Bxa6 g6 12. O-O Bg7 13. e5 O-O 14. Ne4
Qa5 15. Bc4 d6 16. h4 a3 17. Kh2 Qb4 18. Qe2 Qb2 19. c3 dxe5 20. Nfd2 a2 21. d6
exd6 22. Nxd6 a1=Q 23. Rxa1 Qxa1 24. N2e4 Qc1 25. Ng5 Rb2 26. Qd3 Qf4+ 27. Kh3
Rd2 0-1

[Event "59th DEN-ch"]
[Site "Odense DEN"]
[Date "1980.??.??"]
[Round "5"]
[White "Fedder, Steen"]
[Black "Pedersen, Erik"]
[WhiteElo "2410"]
[BlackElo "2315"]
[Result "1/2-1/2"]
[EventDate "1980.01.01"]
[PlyCount "32"]
[EventCategory "5"]
[Source "ChessBase"]
[SourceDate "1999.07.01"]

1. d4 Nf6 2. c4 c5 3. d5 e6 4. Nc3 exd5 5. cxd5 d6 6. e4 g6 7. f4 Bg7 8. Bb5+
Nfd7 9. a4 O-O 10. Nf3 a6 11. Bd3 Nf6 12. O-O Bg4 13. Be3 Nbd7 14. h3 Bxf3 15.
Qxf3 Qa5 16. Qf2 Rfe8 1/2-1/2

[Event "59th DEN-ch"]
[Site "Odense DEN"]
[Date "1980.??.??"]
[Round "5"]
[White "Jakobsen, Ole"]
[Black "Hoei, Carsten"]
[WhiteElo "2410"]
[BlackElo "2410"]
[Result "1-0"]
[EventDate "1980.01.01"]
[PlyCount "111"]
[EventCategory "5"]
[Source "ChessBase"]
[SourceDate "1999.07.01"]

1. d4 Nf6 2. c4 g6 3. Nc3 Bg7 4. e4 O-O 5. Nf3 d6 6. Be2 Bg4 7. O-O Nfd7 8. Be3
Nc6 9. d5 Bxf3 10. Bxf3 Na5 11. Qa4 Bxc3 12. bxc3 b6 13. Be2 e5 14. dxe6 fxe6
15. f4 Qe8 16. Rae1 Nc5 17. Qxe8 Raxe8 18. Bxc5 dxc5 19. Rd1 Rd8 20. g3 Kf7 21.
Kf2 Ke7 22. e5 Rxd1 23. Rxd1 g5 24. Ke3 gxf4+ 25. gxf4 Rg8 26. Kf3 Nc6 27. Rf1
a5 28. a4 Nd8 29. Kf2 Rf8 30. Ke3 Rg8 31. Rf3 Nf7 32. Rh3 Rg7 33. Bd3 h6 34.
Rg3 Kf8 35. Rg6 Rxg6 36. Bxg6 Nd8 37. Kf3 Nc6 38. Kg4 Kg7 39. Be4 Ne7 40. h4
Kf7 41. Kh5 Kg7 42. Kg4 Kf7 43. Bc2 Nc8 44. h5 b5 45. cxb5 Nb6 46. Kf3 c4 47.
Ke3 Nd5+ 48. Kd4 Nxf4 49. Kxc4 Nxh5 50. Kc5 Ke7 51. b6 cxb6+ 52. Kxb6 Kd7 53.
c4 Kc8 54. c5 Nf4 55. Be4 h5 56. c6 1-0

[Event "59th DEN-ch"]
[Site "Odense DEN"]
[Date "1980.??.??"]
[Round "6"]
[White "Fedder, Steen"]
[Black "Oest-Hansen, Jacob"]
[WhiteElo "2410"]
[BlackElo "2395"]
[Result "1-0"]
[EventDate "1980.01.01"]
[PlyCount "129"]
[EventCategory "5"]
[Source "ChessBase"]
[SourceDate "1999.07.01"]

1. d4 Nf6 2. c4 c5 3. d5 e5 4. Nc3 d6 5. e4 Be7 6. Be2 O-O 7. Nf3 Ne8 8. a3 a6
9. b4 b6 10. Rb1 Nd7 11. O-O Ra7 12. Be3 Qc7 13. Ne1 g6 14. Nd3 Ng7 15. a4 Rb7
16. a5 bxa5 17. bxc5 dxc5 18. Rxb7 Bxb7 19. Na4 f5 20. f3 Nh5 21. exf5 gxf5 22.
f4 Nxf4 23. Nxf4 exf4 24. Bxf4 Bd6 25. Bxd6 Qxd6 26. Bd3 f4 27. Qh5 Qe7 28. Bf5
Bc8 29. Be6+ Kh8 30. Qh6 Rf6 31. Qh3 Qg7 32. Qc3 Rf8 33. Qxg7+ Kxg7 34. Bxd7
Bxd7 35. Nxc5 Bg4 36. Na4 Be2 37. Rc1 Kf6 38. Nb6 Rg8 39. Kf2 Bd3 40. c5 Be4
41. g3 Ke5 42. c6 fxg3+ 43. hxg3 Bxd5 44. c7 Bb7 45. c8=Q Bxc8 46. Nxc8 Kd4 47.
Ne7 Rf8+ 48. Kg2 a4 49. Nc6+ Ke4 50. Ra1 Kd5 51. Na5 Kc5 52. Rxa4 Kb5 53. Ra1
Rc8 54. Kh3 Rc5 55. Kh4 Kb6 56. Nb3 Rc3 57. Nd2 a5 58. g4 Kb5 59. Rb1+ Ka6 60.
Ne4 Rc2 61. Rb8 a4 62. Kg5 Ka5 63. Rb7 a3 64. Rxh7 a2 65. Nc3 1-0

[Event "59th DEN-ch"]
[Site "Odense DEN"]
[Date "1980.??.??"]
[Round "6"]
[White "Hoei, Carsten"]
[Black "Brinck-Claussen, Bjoern"]
[WhiteElo "2410"]
[BlackElo "2370"]
[Result "1/2-1/2"]
[EventDate "1980.01.01"]
[PlyCount "114"]
[EventCategory "5"]
[Source "ChessBase"]
[SourceDate "1999.07.01"]

1. d4 Nf6 2. c4 e6 3. Nc3 Bb4 4. e3 O-O 5. Bd3 d5 6. a3 Be7 7. Nf3 b6 8. O-O
dxc4 9. Bxc4 Bb7 10. Qe2 Nbd7 11. Rd1 Ne4 12. Bd3 Nxc3 13. bxc3 Bf6 14. a4 c5
15. Ba3 Qc7 16. e4 e5 17. d5 a6 18. Bc4 Qd6 19. Qe3 Be7 20. Be2 Qg6 21. Rab1
Bc8 22. Nd2 Bg5 23. Qd3 b5 24. Nf1 Rd8 25. Ng3 c4 26. Qc2 Nf6 27. Be7 Re8 28.
Bxf6 Bxf6 29. axb5 axb5 30. Rxb5 Bd7 31. Rb4 Be7 32. Rxc4 Bb5 33. Nf5 Bxc4 34.
Bxc4 Bf8 35. Bb5 Red8 36. Bc6 Ra5 37. h3 Qf6 38. c4 g6 39. Ne3 h5 40. Qd3 Bc5
41. Qe2 Ra3 42. Rd3 Rxd3 43. Qxd3 Rb8 44. Nd1 Bd4 45. Qc2 Qd6 46. Kh2 Qc5 47.
Qe2 Kg7 48. Bb5 Ra8 49. Ne3 Qd6 50. Nc2 Qb6 51. Nxd4 Qxd4 52. Qe3 Qb2 53. d6
Ra3 54. Qc5 Rd3 55. d7 Qa1 56. Qb6 Qc1 57. g3 Qe1 1/2-1/2

[Event "59th DEN-ch"]
[Site "Odense DEN"]
[Date "1980.??.??"]
[Round "6"]
[White "Mortensen, Erling"]
[Black "Jakobsen, Ole"]
[WhiteElo "2400"]
[BlackElo "2410"]
[Result "1/2-1/2"]
[EventDate "1980.01.01"]
[PlyCount "136"]
[EventCategory "5"]
[Source "ChessBase"]
[SourceDate "1999.07.01"]

1. c4 e5 2. g3 Nc6 3. Bg2 g6 4. Nc3 Bg7 5. e3 Nh6 6. Nge2 d6 7. Rb1 f5 8. d3
O-O 9. O-O Nf7 10. b4 Ne7 11. b5 g5 12. f4 Ng6 13. Nd5 Bd7 14. Bd2 c6 15. bxc6
bxc6 16. Ndc3 gxf4 17. exf4 exf4 18. Nxf4 Nxf4 19. gxf4 Kh8 20. Qa4 Rg8 21. Kh1
Qc7 22. Ne2 Rgb8 23. Ba5 Qc8 24. Bc3 Bxc3 25. Nxc3 Qc7 26. Qa3 Rg8 27. Ne2 Rg6
28. Qc3+ Kg8 29. Bf3 Rb8 30. Ng3 Rxb1 31. Rxb1 Nh6 32. Nh5 Ng4 33. Bxg4 fxg4
34. Nf6+ Kf7 35. Nxh7 Rh6 36. Qh8 Qc8 37. Ng5+ Kg6 38. Qd4 d5 39. Qe5 Qe8 40.
Qxe8+ Bxe8 41. Kg2 dxc4 42. dxc4 Kf5 43. Re1 Bd7 44. Nf7 Rf6 45. Ne5 Rd6 46.
Kg3 Be6 47. Re3 Rd1 48. Nxc6 Bxc4 49. Re5+ Kf6 50. Ra5 Be6 51. Ne5 Rg1+ 52. Kf2
Rh1 53. Kg2 Rc1 54. Rxa7 Rc2+ 55. Kg3 Rc3+ 56. Kf2 Kf5 57. Ra5 Kf6 58. Ra6 Kf5
59. Ra5 Kf6 60. Ra6 Kf5 61. Nc6 Kxf4 62. Nd4 Bc4 63. Ra4 Ke5 64. Nc6+ Kd6 65.
Nb4 Rf3+ 66. Ke1 Rh3 67. Kf2 Be6 68. Kg2 Re3 1/2-1/2

[Event "59th DEN-ch"]
[Site "Odense DEN"]
[Date "1980.??.??"]
[Round "6"]
[White "Pedersen, Erik"]
[Black "Kristiansen, Jens"]
[WhiteElo "2315"]
[BlackElo "2430"]
[Result "0-1"]
[EventDate "1980.01.01"]
[PlyCount "110"]
[EventCategory "5"]
[Source "ChessBase"]
[SourceDate "1999.07.01"]

1. c4 Nf6 2. Nf3 b6 3. e3 Bb7 4. b3 g6 5. Bb2 Bg7 6. d4 O-O 7. Be2 e6 8. O-O d6
9. Nc3 Nbd7 10. Qc2 c5 11. Rfd1 Qe7 12. dxc5 Nxc5 13. Nd4 a6 14. Bf3 Rac8 15.
Bxb7 Qxb7 16. Qe2 Rfd8 17. Rac1 d5 18. cxd5 Nxd5 19. Nxd5 Rxd5 20. b4 Na4 21.
Ba1 b5 22. Nb3 Bxa1 23. Rxc8+ Qxc8 24. Rxa1 Qc4 25. Qxc4 bxc4 26. Nc5 Nxc5 27.
bxc5 Rxc5 28. Kf1 Kf8 29. Ke2 Rb5 30. Rc1 Rb2+ 31. Kf3 Rxa2 32. Rxc4 a5 33. Rc7
Kg7 34. h4 h5 35. Rb7 Kf6 36. Rb5 a4 37. Ra5 a3 38. g3 Ke7 39. Ra7+ Kd6 40.
Rxf7 Rc2 41. Ra7 a2 42. Kf4 Rxf2+ 43. Kg5 Rg2 44. Kxg6 Rxg3+ 45. Kxh5 Rg2 46.
Ra5 Kc6 47. Kh6 Kb6 48. Ra8 Kb5 49. h5 Kc4 50. Kh7 Kb3 51. h6 Rg4 52. Rxa2 Kxa2
53. Kh8 e5 54. h7 Kb3 55. e4 Rxe4 0-1

[Event "59th DEN-ch"]
[Site "Odense DEN"]
[Date "1980.??.??"]
[Round "7"]
[White "Brinck-Claussen, Bjoern"]
[Black "Mortensen, Erling"]
[WhiteElo "2370"]
[BlackElo "2400"]
[Result "1-0"]
[EventDate "1980.01.01"]
[PlyCount "71"]
[EventCategory "5"]
[Source "ChessBase"]
[SourceDate "1999.07.01"]

1. d4 Nf6 2. c4 e6 3. Nc3 Bb4 4. e3 O-O 5. Bd3 d5 6. Nf3 b6 7. O-O Bb7 8. Bd2
Bd6 9. Qc2 c5 10. cxd5 exd5 11. Ne5 c4 12. Bf5 Nc6 13. f4 Ne7 14. Bh3 a6 15.
Be1 Ng6 16. g4 b5 17. g5 Ne4 18. Nxe4 dxe4 19. Ng4 Kh8 20. Bg2 Re8 21. h4 Qd7
22. f5 Ne7 23. Ne5 Bxe5 24. dxe5 Nc6 25. Rd1 Qc7 26. e6 fxe6 27. f6 Ne5 28.
fxg7+ Kg8 29. Bxe4 Bxe4 30. Qxe4 Nd3 31. Rf8+ Kxg7 32. Rxe8 Rxe8 33. Bc3+ Kg8
34. Kg2 Qd7 35. g6 Qd5 36. gxh7+ 1-0

[Event "59th DEN-ch"]
[Site "Odense DEN"]
[Date "1980.??.??"]
[Round "7"]
[White "Broendum, Eric"]
[Black "Fedder, Steen"]
[WhiteElo "2315"]
[BlackElo "2410"]
[Result "1/2-1/2"]
[EventDate "1980.01.01"]
[PlyCount "49"]
[EventCategory "5"]
[Source "ChessBase"]
[SourceDate "1999.07.01"]

1. e4 c5 2. Nf3 d6 3. d4 cxd4 4. Nxd4 Nf6 5. Nc3 e6 6. f4 a6 7. Be3 b5 8. Qf3
Bb7 9. Bd3 Nbd7 10. g4 b4 11. Nce2 Nc5 12. Ng3 Be7 13. g5 Nfd7 14. O-O-O Qc7
15. Kb1 g6 16. h4 O-O-O 17. Qe2 Kb8 18. h5 Nb6 19. Nb3 Nba4 20. Nxc5 Nxc5 21.
Bxc5 dxc5 22. Bxa6 Qxf4 23. Bxb7 Kxb7 24. Qb5+ Kc7 25. Qa5+ 1/2-1/2